[Event "inAUTOmarket Open"]
[Site "?"]
[Date "2005.07.10"]
[Round "1"]
[White "Aleksandrov Aleksej"]
[Black "Libov Gennady"]
[Result "1-0"]
[WhiteElo "2630"]
[BlackElo "2246"]
[PlyCount "75"]
[EventDate "2005.??.??"]
[Source "www.chesslib.no"]
[SourceDate "2004.05.04"]

1. d4 d5 2. c4 c6 3. Nc3 Nf6 4. e3 g6 5. Nf3 Bg7 6. Bd2 O-O 7. Qb3 dxc4 8. Bxc4 b5 9. Be2 a6 10. a4 Be6 11. Qa3 Nbd7 12. Ng5 Bc4 13. Bxc4 bxc4 14. O-O Rb8 15. a5 e5 16. Rad1 Rb3 17. Qa1 exd4 18. exd4 Nd5 19. Nge4 Qc7 20. Na4 Rd3 21. Bc3 Nxc3 22. bxc3 Rxd1 23. Rxd1 Qxa5 24. Nac5 Qxa1 25. Rxa1 Nxc5 26. Nxc5 Rb8 27. g4 Bf8 28. Rxa6 Bxc5 29. dxc5 Rb3 30. Rxc6 Rxc3 31. Rc8+ Kg7 32. c6 Rc1+ 33. Kg2 c3 34. c7 c2 35. Rg8+ Kxg8 36. c8=Q+ Kg7 37. Qc3+ Kg8 38. Qb2 1-0

[Event "Politiken Cup"]
[Site "Copenhagen"]
[Date "1996.??.??"]
[Round "10"]
[White "Bogdanovich, Grigory"]
[Black "Sher, Miron N"]
[Result "0-1"]
[WhiteElo "2375"]
[BlackElo "2500"]
[PlyCount "30"]
[EventDate "1996.06.??"]
[Source "ChessBase"]

1. d4 d5 2. Nf3 Nf6 3. e3 g6 4. c4 Bg7 5. Nc3 O-O 6. Qb3 dxc4 7. Bxc4 Nc6 8. Ne5 Nxe5 9. dxe5 Nd7 10. Bxf7+ Kh8 11. e6 Nc5 12. Qc4 b6 13. Ke2 Ba6 14. Nb5 c6 15. a4 Nxa4 0-1

[Event "Warsaw"]
[Site "Warsaw"]
[Date "1983.??.??"]
[Round "13"]
[White "Sygulski, Artur"]
[Black "Schmidt, Wlodzimierz"]
[Result "1/2-1/2"]
[WhiteElo "2425"]
[BlackElo "2450"]
[PlyCount "26"]
[EventDate "1983.05.??"]
[Source "ChessBase"]

1. d4 Nf6 2. c4 g6 3. Nc3 d5 4. e3 Bg7 5. Qb3 e6 6. Nf3 O-O 7. Be2 b6 8. O-O Bb7 9. cxd5 exd5 10. Bd2 Nbd7 11. Rfd1 c6 12. a4 a5 13. Qc2 Qe7 1/2-1/2

[Event "Biel"]
[Site "?"]
[Date "1979.08.09"]
[Round "12"]
[White "Sahovic Dragutin"]
[Black "Hammer Peter"]
[Result "1-0"]
[WhiteElo "2520"]
[BlackElo "2350"]
[PlyCount "49"]
[EventDate "1979.??.??"]
[Source "www.chesslib.no"]
[SourceDate "2004.05.04"]

1. d4 Nf6 2. c4 g6 3. Nc3 d5 4. Nf3 Bg7 5. e3 O-O 6. Qb3 c6 7. Be2 dxc4 8. Bxc4 Nbd7 9. O-O Nb6 10. Be2 Nfd7 11. a4 a5 12. e4 e5 13. d5 Qe7 14. Be3 Qb4 15. Nd2 cxd5 16. exd5 e4 17. Rfd1 f5 18. g3 g5 19. Bxg5 Bd4 20. d6+ Kg7 21. Nb5 Qxb3 22. Nxb3 Bxb2 23. Ra2 Bf6 24. Be3 Kg6 25. Nc7 1-0